| 000 | 00406nam a22001697a 4500 | ||
|---|---|---|---|
| 005 | 20260318103847.0 | ||
| 008 | 250620b |||||||| |||| 00| 0 eng d | ||
| 020 |
_a9780340894668 _qpbk |
||
| 041 | _aeng | ||
| 082 |
_a823.912 _bBLY |
||
| 100 | _aBlyton, Enid | ||
| 245 | _aFive go to mystery moor | ||
| 260 |
_aIndia _bHachette _c2004 |
||
| 300 | _a256 | ||
| 490 | _aThe Famous Five | ||
| 942 | _cENGLISH | ||
| 999 |
_c573124 _d573124 |
||